| 000 | 01031nam a2200205Ia 4500 | ||
|---|---|---|---|
| 001 | 12373 | ||
| 003 | GE_BSU | ||
| 008 | 181216s||||||||xx |||||||||||||| ||und|| | ||
| 040 | _cGE_BSU | ||
| 080 | _a343(479.22) | ||
| 100 | _aსალუქვაძე,ბადრი. | ||
| 245 | _aსისხლის სამართალი.ზოგადი და კერძო ნაწილები. | ||
| 245 | _bმეთოდური მითითებები,სასწავლო პროგრამები და ბიბლიოგრაფია. | ||
| 245 | _cრედ:ომარ მინდაძე. | ||
| 260 | _aთბილისი. | ||
| 260 | _c2002 | ||
| 300 | _a113გვ;21სმ. | ||
| 653 | _aსისხლის სამართალი.ზოგადი და კერძო ნაწილები.მეთოდური მითითებები,სასწავლო პროგრამები და ბიბლიოგრაფია. | ||
| 942 | _cBK | ||
| 999 |
_c45548 _d45548 |
||